Detalles MARC
| 000 -LEADER |
| campo de control de longitud fija |
02596nam a2200349 a 4500 |
| 003 - IDENTIFICADOR DE NÚMERO DE CONTROL |
| campo de control |
PE-LiUPU |
| 005 - FECHA Y HORA DE LA ÚLTIMA TRANSACCIÓN |
| campo de control |
20250731184119.0 |
| 008 - DATOS DE LONGITUD FIJA--INFORMACIÓN GENERAL |
| campo de control de longitud fija |
190214s2015 ag fr 001 0 spa |
| 020 ## - NÚMERO INTERNACIONAL ESTÁNDAR DEL LIBRO |
| Número Internacional Estándar del Libro |
9789502325309 |
| 040 ## - FUENTE DE CATALOGACIÓN |
| Centro catalogador/agencia de origen |
AR-BaBN |
| Lengua de catalogación |
spa |
| Centro/agencia transcriptor |
PE-LiUPU |
| Normas de descripción |
rda |
| Centro/agencia modificador |
PE-LiUPU |
| 080 1# - NÚMERO DE LA CLASIFICACIÓN DECIMAL UNIVERSAL |
| Número de la Clasificación Decimal Universal |
001.811:347.964.1 |
| Identificador de la edición |
2016 |
| 082 ## - NÚMERO DE LA CLASIFICACIÓN DECIMAL DEWEY |
| Número de edición |
23 |
| Número de clasificación |
801 |
| Cutter |
F951c |
| 100 1# - ENTRADA PRINCIPAL--NOMBRE DE PERSONA |
| Nombre de persona |
Fucito, Marina |
| 245 10 - MENCIÓN DEL TÍTULO |
| Título |
Curso práctico de redacción para abogados : |
| Resto del título |
recomendaciones para mejorar el estilo de los escritos jurídicos / |
| Mención de responsabilidad, etc. |
Marina Fucito. |
| 250 ## - MENCION DE EDICION |
| Mención de edición |
Primera edición. |
| 264 ## - PRODUCCIÓN, PUBLICACIÓN, DISTRIBUCIÓN, FABRICACIÓN Y COPYRIGHT |
| Producción, publicación, distribución, fabricación y copyright |
Buenos Aires : |
| Nombre del de productor, editor, distribuidor, fabricante |
Eudeba, |
| Fecha de producción, publicación, distribución, fabricación o copyright |
2015. |
| 300 ## - DESCRIPCIÓN FÍSICA |
| Extensión |
95 páginas ; |
| Dimensiones |
24 centímetros. |
| 490 1# - MENCIÓN DE SERIE |
| Mención de serie |
(Cuadernos de Eudeba ; |
| Designación de volumen o secuencia |
226) |
| 504 ## - NOTA DE BIBLIOGRAFÍA, ETC. |
| Nota de bibliografía, etc. |
Incluye notas y referencias bibliográficas a pie de página. |
| 504 ## - NOTA DE BIBLIOGRAFÍA, ETC. |
| Nota de bibliografía, etc. |
Bibliografía: p. 93-95. |
| 505 2# - NOTA DE CONTENIDO CON FORMATO |
| Nota de contenido con formato |
Problemas de estilo -- Clases de palabras -- Las oraciones -- Recomendaciones finales -- La puntuación -- Los dos niveles de discurso -- Primer discurso: signos correspondientes -- Segundo discurso dentro del discurso: paréntesis, rayas, comillas y corchetes -- Distribución de la información en el escrito: tipos de párrafo y sus funciones -- El orden de las ideas -- Tipos de párrafo -- La estructura del texto: orden de párrafos recomendado -- La cita -- Las distintas maneras de citar -- La cita textual -- Maneras de remitir a la fuente -- Función de las notas al pie. |
| 520 3# - RESUMEN, ETC. |
| Sumario, etc. |
Con el objeto de agilizar la redacción de los escritos jurídicos y asegurarles mayor eficacia a sus autores, este manual propone algunas estrategias para mejorar el estilo de la composición de textos. Para ello comienza por elaborar un diagnóstico de las dificultades más frecuentes de la producción escrita del ámbito jurídico y ofrece una serie de estrategias para resolverlas. Mediante explicaciones sencillas y ejemplos, se brinda a los profesionales y a los estudiantes una herramienta de gran utilidad para mejorar su desempeño en la escritura. En un amplio abanico de subgéneros, que incluye desde los documentos profesionales hasta las obras académicas, el curso práctico aborda cuatro ejes fundamentales: problemas de estilo, la puntuación, la distribución de la información en el escrito, y la cita. |
| Fuente proveedora |
(Descripción del editor). |
| 526 ## - NOTA DE INFORMACIÓN SOBRE EL PROGRAMA DE ESTUDIO |
| Nombre del programa |
Comunicación Y Periodismo |
| 526 ## - NOTA DE INFORMACIÓN SOBRE EL PROGRAMA DE ESTUDIO |
| Nombre del programa |
Educación, Especialidad Inglés Y Español (A Distancia) |
| 526 ## - NOTA DE INFORMACIÓN SOBRE EL PROGRAMA DE ESTUDIO |
| Nombre del programa |
Educación, Especialidad Inglés Y Español |
| 526 ## - NOTA DE INFORMACIÓN SOBRE EL PROGRAMA DE ESTUDIO |
| Nombre del programa |
Educación secundaria, especialidad lingüística e inglés |
| 526 ## - NOTA DE INFORMACIÓN SOBRE EL PROGRAMA DE ESTUDIO |
| Nombre del programa |
Ciencias de la comunicación |
| 650 14 - PUNTO DE ACCESO ADICIONAL DE MATERIA--TÉRMINO DE MATERIA |
| Término de materia o nombre geográfico como elemento de entrada |
Escritos judiciales |
| Subdivisión general |
Redacción |
| 751 ## - ENTRADA AGREGADA--NOMBRE GEOGRÁFICO |
| Nombre geográfico |
Buenos Aires |
| Término indicativo de función/relación |
lugar de publicación |
| 942 ## - ELEMENTOS DE ENTRADA SECUNDARIOS (KOHA) |
| Fuente del sistema de clasificación o colocación |
Clasificación Decimal Dewey |
| Tipo de ítem Koha |
Libros físicos |
| 980 ## - EQUIVALENCIA O REFERENCIA-CRUZADA-MENCIÓN DE SERIE--NOMBRE DE PERSONA/TÍTULO [LOCAL, CANADÁ] |
| ID del usuario creador del registro |
18226 |
| Nombre del creador del registro |
Jaime Vilcazán Jefe de Análisis Documental |
| ID del último usuario que modificó el registro |
1 |
| Nombre del último usuario que modificó el registro |
ALBERTO SANCHEZ Responsable de Automatización |